01305nam a2200193 a 4500090001600000041000800016100003700024245018500061260004900246300001100295520061400306650002800920650003200948650003300980650002701013650004101040945001501081999001501096 aIAVHb00623 aspa aBarrios Leal, Dora Yovana 95083 aEvaluación genética de los bosques de roble (Quercus humboldtii) en la jurisdicción de la línea de investigación en Conservación de la Biodiversidad en Paisajes Rurales aCalibInstituto Alexander von Humboldtc2005 a27 p. aSe realizó un análisis global de la diversidad genética del roble andino Q. humboldtii recurriendo a la técnica de marcadores microsatélites, diseñados para los robles rojos del hemisferio norte para estimar con precisión los procesos genéticos -diversidad genética, estructura genética y flujo de genes- en poblaciones representativas. Se evaluaron cinco poblaciones y ocho loci microsatelitales. Los resultados obtenidos sugieren una alta diversidad y una baja estructura genética en las cinco poblaciones muestreadas, indicando una alta tasa de flujo genético entre las poblaciones. aMicrosatélites975506 aDiversidad genética92003 aEstructura genética912347 aPaisajes rurales92419 aConservación de biodiversidad9345 d2007-08-16 c6128d6128